00932nam a2200277 u 450000100070000000500170000700800410002403500110006504000130007604100080008908000070009710000410010424501470014526000230029230000140031550000310032965000230036065000480038365000300043165000390046170000450050070000500054570000390059550200120063452600080064619665220260506081252.0980605s1980 ||||||m| spa  a196652 ccomduadb aspa aWX10aSuarez Gomez, Miguel Angel4auteaut10aDiseno e implantacion de un sistema contable, de acuerdo a normas tecnicas y legales, para el Hospital San Juan de Dios, Santa Fe de Antioquia aMedellín,c1980. a240 hojas aDonacion autores 80-12-16. 7aContabilidad2lemb aSanta Fe de Antioquia (Antioquia, Colombia) aHospital San Juan de Dios 7aAdministración hospitalaria2dcs10aRosales Estrada, Edgar Eduardo4auteaut10aTrespalacios de G., Isabel Cristina4auteaut10aOlaya Peláez, Álvaro4thseths b291c20 a293